000
00214nam a2200085Ia 4500
008
170617s9999 xx 000 0 und d
100
_a
Beans- H.S
245
0
_a
Advances in Pharmaceutical Science Set 4
260
_b
Acadmic Press
260
_c
2009
999
_c
15389
_d
15389